000 00700nam a22002057a 4500
999 _c15829
_d15829
003 AR-CdUCM
008 190430b ||||| |||| 00| 0 spa d
040 _aMUNICIPALIDAD PROVINCIAL DEL CUSCO
_cBIBLIOTECA MUNICIPAL DEL CUSCO
082 _a868.6 /
_bO86
100 _aOtero, Blas de
_915174
245 _aCon la inmensa mayoría :
_b(Pido la paz y la palabra en castellano) /
260 _aBuenos Aires :
_bLosada,
_c1960.
300 _a186 páginas ;
_c18 cm.
505 _aContenido : Pido la paz y la palabra -- La inmensa mayoría -- En el principio ...
650 _aLiteratura
_983
650 _aArgentina
_9511
650 _aSiglo XX
_98
942 _2ddc
_cLIBROS
945 _arah
_d30/04/2019